[Event "Titled Tuesday intern op 25th Apr Late"]
[Site "Chess.com INT"]
[Date "2023.04.25"]
[Round "2"]
[White "Erdogan, Anil Berk"]
[Black "Gabr, Mohsen"]
[Result "1-0"]
[WhiteElo "2091"]
[BlackElo "2200"]
[PlyCount "41"]
[EventDate "2023.04.25"]
[EventType "swiss (blitz)"]
[EventRounds "11"]
[EventCountry "USA"]
[SourceTitle "EXT 2024"]
[Source "ChessBase"]
[SourceDate "2023.10.10"]
[SourceVersion "1"]
[SourceVersionDate "2023.10.10"]
[SourceQuality "1"]

1. e4 d6 2. d4 g6 3. Nc3 Bg7 4. f4 Nf6 5. Nf3 c5 6. Bb5+ Bd7 7. e5 Ng4 8. Bxd7+ Qxd7 9. h3 cxd4 10. Qxd4 Nc6 11. Qa4 Nh6 12. exd6 0-0 13. Bd2 Nf5 14. 0-0-0 exd6 15. g4 Nfd4 16. Nxd4 Bxd4 17. f5 a6 18. Nd5 b5 19. Qxd4 Nxd4 20. Nf6+ Kg7 21. Nxd7 1-0

[Event "Titled Tuesday intern op 23rd Feb"]
[Site "Chess.com INT"]
[Date "2021.02.23"]
[Round "2"]
[White "Kabanova, Ekaterina"]
[Black "Erdogan, Anil Berk"]
[Result "0-1"]
[WhiteElo "2138"]
[BlackElo "2155"]
[PlyCount "86"]
[EventDate "2021.02.23"]
[EventType "swiss (blitz)"]
[EventRounds "11"]
[EventCountry "USA"]
[SourceTitle "CBM 200 Extra"]
[Source "ChessBase"]
[SourceDate "2021.03.31"]
[SourceVersion "1"]
[SourceVersionDate "2021.03.31"]
[SourceQuality "1"]

1. c4 c5 2. Nf3 g6 3. e3 Bg7 4. Qc2 e6 5. a3 Nc6 6. h4 h6 7. Bd3 Nge7 8. Nc3 d5 9. Rb1 a5 10. b3 b6 11. Bb2 d4 12. Nb5 e5 13. exd4 cxd4 14. c5 0-0 15. cxb6 Qxb6 16. 0-0 Ba6 17. a4 Nb4 18. Qc7 Qxc7 19. Nxc7 Bxd3 20. Nxa8 Rxa8 21. Rbc1 Bxf1 22. Kxf1 Nd3 23. Rb1 Nxb2 24. Rxb2 Nd5 25. Rc2 e4 26. Nh2 d3 27. Rc5 Nb4 28. Ng4 Nc2 29. g3 h5 30. Ne5 Bxe5 31. Rxe5 f5 32. Re7 Rb8 33. Ra7 Rxb3 34. Rxa5 Rb1+ 35. Kg2 Rd1 36. g4 f4 37. gxh5 Rxd2 38. hxg6 e3 39. h5 exf2 40. h6 Ne3+ 41. Kf3 f1Q+ 42. Ke4 Qg2+ 43. Kd4 Qxg6 0-1

[Event "Titled Tuesday intern op 09th Feb"]
[Site "Chess.com INT"]
[Date "2021.02.09"]
[Round "6"]
[White "Camlar, Arda"]
[Black "Erdogan, Anil Berk"]
[Result "0-1"]
[WhiteElo "1934"]
[BlackElo "2155"]
[PlyCount "86"]
[EventDate "2021.02.09"]
[EventType "swiss (blitz)"]
[EventRounds "11"]
[EventCountry "USA"]
[SourceTitle "EXT 2022"]
[Source "ChessBase"]
[SourceDate "2021.10.06"]
[SourceVersion "1"]
[SourceVersionDate "2021.10.06"]
[SourceQuality "1"]

1. d4 Nf6 2. Bf4 c5 3. c3 d5 4. e3 e6 5. Nf3 Bd6 6. Bg3 Qc7 7. Nbd2 Nbd7 8. Bb5 0-0 9. 0-0 a6 10. Bxd7 Nxd7 11. e4 Bxg3 12. hxg3 cxd4 13. Nxd4 dxe4 14. Nxe4 Nc5 15. Nxc5 Qxc5 16. Qe2 b6 17. Qe4 Ra7 18. Qc6 Qxc6 19. Nxc6 Rc7 20. Ne5 f6 21. Nf3 Rd8 22. Rfd1 Rcd7 23. Rxd7 Rxd7 24. Kf1 Bb7 25. Ke2 Kf7 26. Ne1 h5 27. f3 g5 28. Nd3 Kg6 29. a4 e5 30. a5 e4 31. fxe4 Bxe4 32. Nf2 Bxg2 33. axb6 Bb7 34. Nd3 h4 35. gxh4 gxh4 36. Nc5 Re7+ 37. Kf2 Kf5 38. c4 Bc6 39. Ra3 Rg7 40. Rb3 Rg2+ 41. Kf1 h3 42. Rxh3 Rxb2 43. Nxa6 Bg2+ 0-1

[Event "Titled Tuesday intern op 09th Feb"]
[Site "Chess.com INT"]
[Date "2021.02.09"]
[Round "2"]
[White "Erdogan, Anil Berk"]
[Black "Hartikainen, Jarmo"]
[Result "1-0"]
[WhiteElo "2155"]
[BlackElo "2142"]
[PlyCount "55"]
[EventDate "2021.02.09"]
[EventType "swiss (blitz)"]
[EventRounds "11"]
[EventCountry "USA"]
[SourceTitle "EXT 2022"]
[Source "ChessBase"]
[SourceDate "2021.10.06"]
[SourceVersion "1"]
[SourceVersionDate "2021.10.06"]
[SourceQuality "1"]

1. e4 c5 2. Nf3 Nc6 3. d4 cxd4 4. Nxd4 Nf6 5. Nc3 d6 6. Bc4 e6 7. Be3 a6 8. Qe2 Qc7 9. 0-0-0 Bd7 10. Rhg1 b5 11. Bb3 b4 12. Na4 Nxe4 13. Nxe6 fxe6 14. Bb6 Qc8 15. Qxe4 Be7 16. Bd4 Nxd4 17. Qxd4 0-0 18. Nb6 Qc6 19. Ba4 Qxb6 20. Qxb6 Bxa4 21. Rxd6 Bxd6 22. Qxd6 Rxf2 23. b3 Bb5 24. Qxe6+ Kh8 25. Rd1 Raf8 26. Qe7 a5 27. Rd8 Rf1+ 28. Kb2 1-0

[Event "Titled Tuesday intern op 09th Feb"]
[Site "Chess.com INT"]
[Date "2021.02.09"]
[Round "1"]
[White "Tsukerman, Julia"]
[Black "Erdogan, Anil Berk"]
[Result "1/2-1/2"]
[WhiteElo "1523"]
[BlackElo "2155"]
[PlyCount "151"]
[EventDate "2021.02.09"]
[EventType "swiss (blitz)"]
[EventRounds "11"]
[EventCountry "USA"]
[SourceTitle "EXT 2022"]
[Source "ChessBase"]
[SourceDate "2021.10.06"]
[SourceVersion "1"]
[SourceVersionDate "2021.10.06"]
[SourceQuality "1"]

1. e4 c5 2. Nf3 g6 3. d4 cxd4 4. Nxd4 Nc6 5. Be3 Nf6 6. Nc3 Bg7 7. Bc4 Qa5 8. 0-0 0-0 9. Bb3 d6 10. f3 Bd7 11. Nd5 Nxd5 12. exd5 Nxd4 13. Bxd4 Bxd4+ 14. Qxd4 Rac8 15. c3 Qc5 16. Rad1 b5 17. Rfe1 Rfe8 18. Qxc5 Rxc5 19. Kf2 a5 20. a3 Kf8 21. Rd4 Bc8 22. a4 Ba6 23. Rh4 Kg7 24. Rhe4 Rc7 25. axb5 Bxb5 26. c4 Ba6 27. Ba4 Rb8 28. b3 Rb4 29. Ra1 Bb7 30. Re3 Kf6 31. Bb5 Bxd5 32. Rxa5 Be6 33. Ke2 Rc5 34. Kd2 Bxc4 35. bxc4 Rb2+ 36. Kd3 Rxg2 37. Re2 Rg1 38. Ra7 e5 39. Ra6 Rd1+ 40. Ke3 Rd4 41. Rd2 Rxd2 42. Kxd2 Ke6 43. Ke3 f5 44. Ra7 d5 45. cxd5+ Kxd5 46. Bd3 h5 47. Ra6 g5 48. Rh6 Rc3 49. Rxh5 f4+ 50. Kd2 Kd4 51. Be4 Ra3 52. Rxg5 Ra2+ 53. Bc2 Ra1 54. h4 Rh1 55. h5 Rh2+ 56. Kd1 Kc3 57. Rxe5 Rd2+ 58. Ke1 Rh2 59. Bg6 Kd4 60. Re7 Kd5 61. Rh7 Ke6 62. Rf7 Rh3 63. Rxf4 Rh2 64. Kf1 Ke5 65. Kg1 Rb2 66. Rh4 Ke6 67. h6 Rb8 68. h7 Rh8 69. Kg2 Kf6 70. Be4 Kg7 71. Kg3 Kf6 72. Kg4 Kg7 73. f4 Rf8 74. f5 Kh8 75. Kg5 Rf6 76. Kxf6 1/2-1/2

[Event "Titled Tuesday intern op 26th Jan"]
[Site "Chess.com INT"]
[Date "2021.01.26"]
[Round "6"]
[White "Erdogan, Anil Berk"]
[Black "Ismayil, Malak"]
[Result "0-1"]
[WhiteElo "2155"]
[BlackElo "1997"]
[PlyCount "112"]
[EventDate "2021.01.26"]
[EventType "swiss (blitz)"]
[EventRounds "11"]
[EventCountry "USA"]
[SourceTitle "CBM 200 Extra"]
[Source "ChessBase"]
[SourceDate "2021.03.31"]
[SourceVersion "1"]
[SourceVersionDate "2021.03.31"]
[SourceQuality "1"]

1. e4 e5 2. Nf3 Nc6 3. Bb5 Nf6 4. 0-0 d6 5. d4 exd4 6. Nxd4 Bd7 7. Bxc6 bxc6 8. Nc3 Be7 9. Nf5 Bxf5 10. exf5 0-0 11. Qf3 d5 12. b3 Bd6 13. Bb2 Be5 14. Rfe1 Bxc3 15. Bxc3 Ne4 16. Bb2 f6 17. Rad1 Nd6 18. c4 dxc4 19. bxc4 Qc8 20. g4 Qb7 21. Ba3 Rfd8 22. Qe3 Re8 23. Qc5 Qa6 24. Bb4 Qxc4 25. Rxe8+ Rxe8 26. Qxc4+ Nxc4 27. Rd7 Rc8 28. Bc5 Ne5 29. Rd4 Nf3+ 30. Kg2 Nxd4 31. Bxd4 a5 32. a3 Rd8 33. Bc5 Rd5 34. Ba7 c5 35. Kf3 c4 36. Ke4 c6 37. f3 c3 38. h4 c2 39. Be3 Rc5 40. Bc1 Rd5 41. g5 Rd1 42. Bb2 c1Q 43. Bxc1 Rxc1 44. h5 fxg5 45. a4 Rc4+ 46. Ke5 Rxa4 47. f6 gxf6+ 48. Kf5 Rf4+ 49. Ke6 Rxf3 50. h6 a4 51. Ke7 a3 52. Kd7 a2 53. Kd6 a1Q 54. Kc5 Qe5+ 55. Kb6 Rb3+ 56. Ka7 Qa5# 0-1

[Event "Titled Tuesday intern op 26th Jan"]
[Site "Chess.com INT"]
[Date "2021.01.26"]
[Round "5"]
[White "Firat, Burak"]
[Black "Erdogan, Anil Berk"]
[Result "1-0"]
[WhiteElo "2466"]
[BlackElo "2155"]
[PlyCount "87"]
[EventDate "2021.01.26"]
[EventType "swiss (blitz)"]
[EventRounds "11"]
[EventCountry "USA"]
[SourceTitle "CBM 200 Extra"]
[Source "ChessBase"]
[SourceDate "2021.03.31"]
[SourceVersion "1"]
[SourceVersionDate "2021.03.31"]
[SourceQuality "1"]

1. d4 Nf6 2. c4 c5 3. d5 e6 4. Nc3 exd5 5. cxd5 d6 6. e4 g6 7. Nge2 Bg7 8. Ng3 0-0 9. Be2 b6 10. 0-0 Ba6 11. Bxa6 Nxa6 12. f4 Re8 13. f5 Nc7 14. Bg5 h6 15. Bxf6 Bxf6 16. fxg6 fxg6 17. Qg4 Kh7 18. Kh1 Rf8 19. Rf3 Bg7 20. Raf1 Rxf3 21. Rxf3 Qe7 22. Nce2 Rf8 23. b3 Rxf3 24. gxf3 h5 25. Qc8 h4 26. Qh3 Kg8 27. Qc8+ Kh7 28. Qh3 Bh6 29. Nf1 Nxd5 30. Qc8 Nf4 31. Nxf4 Bxf4 32. Qg4 Qg5 33. Qd7+ Kh6 34. Qe8 Qe5 35. Qf8+ Qg7 36. Qxf4+ g5 37. Qxd6+ Kh5 38. Qd1 Qb2 39. Qd2 Qb1 40. Kg2 h3+ 41. Kf2 Qa1 42. Qe2 Qd4+ 43. Ne3 Qe5 44. f4+ 1-0

[Event "Titled Tuesday intern op 26th Jan"]
[Site "Chess.com INT"]
[Date "2021.01.26"]
[Round "2"]
[White "Postny, Evgeny"]
[Black "Erdogan, Anil Berk"]
[Result "1/2-1/2"]
[WhiteElo "2605"]
[BlackElo "2155"]
[PlyCount "98"]
[EventDate "2021.01.26"]
[EventType "swiss (blitz)"]
[EventRounds "11"]
[EventCountry "USA"]
[SourceTitle "CBM 200 Extra"]
[Source "ChessBase"]
[SourceDate "2021.03.31"]
[SourceVersion "1"]
[SourceVersionDate "2021.03.31"]
[SourceQuality "1"]

1. e4 c5 2. Nf3 g6 3. c4 Nc6 4. d4 cxd4 5. Nxd4 Nf6 6. Nc3 d6 7. Be2 Nxd4 8. Qxd4 Bg7 9. Be3 0-0 10. Qd2 Be6 11. 0-0 Qa5 12. Rfc1 Rfc8 13. b3 a6 14. a4 Ng4 15. Bxg4 Bxg4 16. Bd4 Be6 17. Bxg7 Kxg7 18. Qd4+ Kg8 19. f4 Qc5 20. Rd1 Bg4 21. Rd2 Bd7 22. Nd5 Kf8 23. Nb6 Qxd4+ 24. Rxd4 Bc6 25. Nxa8 Rxa8 26. a5 f5 27. e5 dxe5 28. fxe5 Kf7 29. Re1 Ke6 30. Kf2 g5 31. h4 g4 32. Kg3 Rb8 33. Re3 b6 34. axb6 Rxb6 35. Rd8 a5 36. Rh8 a4 37. bxa4 Rb2 38. Rxh7 Rxg2+ 39. Kf4 Rf2+ 40. Kg5 f4 41. Rh6+ Kf7 42. Rd3 g3 43. e6+ Kg7 44. Rg6+ Kh7 45. Rd8 g2 46. Rh6+ Kg7 47. Rg6+ Kh7 48. Rh6+ Kg7 49. Rg6+ Kh7 1/2-1/2

[Event "Titled Tuesday intern op 17th Nov"]
[Site "Chess.com INT"]
[Date "2020.11.17"]
[Round "5"]
[White "Grandelius, Nils"]
[Black "Erdogan, Anil Berk"]
[Result "1-0"]
[WhiteElo "2663"]
[BlackElo "2155"]
[PlyCount "81"]
[EventDate "2020.11.17"]
[EventType "swiss (blitz)"]
[EventRounds "11"]
[EventCountry "USA"]
[SourceTitle "CBM 199 Extra"]
[Source "ChessBase"]
[SourceDate "2021.01.31"]
[SourceVersion "1"]
[SourceVersionDate "2021.01.31"]
[SourceQuality "1"]

1. Nf3 c5 2. e3 g6 3. d4 cxd4 4. exd4 Bg7 5. Bd3 Nf6 6. 0-0 d5 7. h3 Nc6 8. c3 0-0 9. Bf4 Bf5 10. Be2 h6 11. Re1 a6 12. Nbd2 b5 13. a3 Na5 14. b4 Nc4 15. Nxc4 dxc4 16. Qc1 Kh7 17. Ne5 Nd5 18. Bf3 Be6 19. a4 Qb6 20. Bxd5 Bxd5 21. Nd7 Qb7 22. Nxf8+ Rxf8 23. f3 a5 24. Qb2 axb4 25. Qxb4 Bxf3 26. gxf3 Qxf3 27. Rf1 Qxh3 28. Qb2 b4 29. cxb4 c3 30. Qf2 Rd8 31. Be3 Rd5 32. Qf3 Qe6 33. Rae1 c2 34. Bf2 Qd6 35. Bg3 Rg5 36. Kh2 Qxb4 37. Qxf7 Qxd4 38. Rxe7 Rxg3 39. Qxg7+ Qxg7 40. Rxg7+ Kxg7 41. Kxg3 1-0

[Event "Titled Tuesday intern op 14th July"]
[Site "Chess.com INT"]
[Date "2020.07.14"]
[Round "4"]
[White "Volovich, Vasily"]
[Black "Erdogan, Anil Berk"]
[Result "0-1"]
[WhiteElo "2177"]
[BlackElo "2155"]
[PlyCount "84"]
[EventDate "2020.07.14"]
[EventType "swiss (blitz)"]
[EventRounds "10"]
[EventCountry "USA"]
[SourceTitle "CBM 197 Extra"]
[Source "ChessBase"]
[SourceDate "2020.09.30"]
[SourceVersion "1"]
[SourceVersionDate "2020.09.30"]
[SourceQuality "1"]

1. e4 c5 2. Nf3 g6 3. c3 Bg7 4. d4 cxd4 5. cxd4 d5 6. exd5 Nf6 7. Bb5+ Nbd7 8. Nc3 0-0 9. 0-0 Nb6 10. Re1 Nbxd5 11. Bg5 h6 12. Bh4 g5 13. Bg3 a6 14. Ba4 b5 15. Bb3 Bb7 16. Ne5 Rc8 17. Rc1 e6 18. h4 Nxc3 19. bxc3 Ne4 20. Qd3 Nxg3 21. Qxg3 gxh4 22. Qh3 Qg5 23. Nf3 Bxf3 24. Qxf3 Bxd4 25. Rc2 Bg7 26. Re4 h5 27. c4 Rfd8 28. cxb5 Rxc2 29. Bxc2 Qc1+ 30. Kh2 Qxc2 31. bxa6 Qxa2 32. Qxh5 Qxa6 33. Rxh4 Qa1 34. Rf4 Rd7 35. g3 Qe5 36. Qf3 Ra7 37. Qd3 Ra8 38. Qf3 Rf8 39. Rg4 f5 40. Rh4 Rf6 41. Qh5 Qb8 42. Qh7+ Kf8 0-1

[Event "Titled Tuesday intern op 30th June"]
[Site "Chess.com INT"]
[Date "2020.06.30"]
[Round "4"]
[White "Erdogan, Anil Berk"]
[Black "Sarkar, Justin"]
[Result "1-0"]
[WhiteElo "2155"]
[BlackElo "2380"]
[PlyCount "61"]
[EventDate "2020.06.30"]
[EventType "swiss (blitz)"]
[EventRounds "10"]
[EventCountry "USA"]
[SourceTitle "CBM 197 Extra"]
[Source "ChessBase"]
[SourceDate "2020.09.30"]
[SourceVersion "1"]
[SourceVersionDate "2020.09.30"]
[SourceQuality "1"]

1. e4 c5 2. Nf3 d6 3. d4 cxd4 4. Nxd4 Nf6 5. Nc3 a6 6. a3 Nc6 7. f3 e6 8. Be3 d5 9. Be2 e5 10. Nxc6 bxc6 11. exd5 cxd5 12. Bg5 d4 13. Ne4 Be7 14. 0-0 Nxe4 15. Bxe7 Qxe7 16. fxe4 0-0 17. b3 Bb7 18. Bd3 Rac8 19. Rf3 g6 20. Rg3 Kg7 21. Qh5 Rc3 22. Qg4 Rfc8 23. h4 R8c6 24. h5 Bc8 25. Qe2 Qh4 26. Rf3 Bg4 27. Raf1 Bxf3 28. Qxf3 Rf6 29. Qxf6+ Qxf6 30. h6+ Kxh6 31. Rxf6 1-0

[Event "Titled Tuesday intern op 6th June"]
[Site "Chess.com INT"]
[Date "2020.06.02"]
[Round "5"]
[White "Krysa, Leandro Sergio"]
[Black "Erdogan, Anil Berk"]
[Result "0-1"]
[WhiteElo "2531"]
[BlackElo "2155"]
[PlyCount "98"]
[EventDate "2020.06.02"]
[EventType "swiss (blitz)"]
[EventRounds "10"]
[EventCountry "USA"]
[SourceTitle "CBM 196 Extra"]
[Source "ChessBase"]
[SourceDate "2020.07.31"]
[SourceVersion "1"]
[SourceVersionDate "2020.07.31"]
[SourceQuality "1"]

1. e4 c5 2. Nf3 g6 3. c3 Bg7 4. d4 cxd4 5. cxd4 d5 6. e5 Bg4 7. Bb5+ Nd7 8. Nc3 e6 9. h3 Bxf3 10. Qxf3 a6 11. Bd3 Ne7 12. 0-0 0-0 13. Ne2 Nc6 14. Be3 Qb6 15. a3 f6 16. exf6 Nxf6 17. Qg3 Rae8 18. b4 Nh5 19. Qg4 e5 20. dxe5 Qc7 21. f4 Bh6 22. Bc5 Rf7 23. Bxg6 hxg6 24. Qxg6+ Ng7 25. Qxh6 b6 26. Bd6 Qd7 27. Ng3 Re6 28. Qh4 Rg6 29. Rae1 Nf5 30. Nxf5 Qxf5 31. Rc1 Rfg7 32. Rf2 Qe4 33. Rcc2 Qe1+ 34. Kh2 Rxg2+ 35. Rxg2 Qxh4 36. Rxc6 Qxf4+ 37. Kg1 Qe3+ 38. Kh2 Rxg2+ 39. Kxg2 d4 40. Rc8+ Kf7 41. Rc7+ Ke6 42. Re7+ Kd5 43. Rd7 Qe2+ 44. Kg3 d3 45. Bf8+ Ke6 46. Rd6+ Kf7 47. Rf6+ Ke8 48. Bh6 Qxe5+ 49. Rf4 d2 0-1